Consumer marketing : a resource based approach for the hospitality and tourism industries
Αποθηκεύτηκε σε:
| Κύριος συγγραφέας: | |
|---|---|
| Άλλοι συγγραφείς: | |
| Μορφή: | Βιβλίο |
| Γλώσσα: | English |
| Δημοσίευση: |
London :
Cassell,
1996
|
| Θέματα: | |
| Ετικέτες: |
Προσθήκη ετικέτας
Δεν υπάρχουν, Καταχωρήστε ετικέτα πρώτοι!
|
MARC
| LEADER | 00000nam a2200000 i 4500 | ||
|---|---|---|---|
| 001 | 1/1805 | ||
| 008 | 000418s1996 eng d | ||
| 020 | |a 0-304-33442-1 | ||
| 035 | |l 10060162 | ||
| 040 | |a GR-MY-UA |b gre |e aacr | ||
| 041 | 0 | |a eng | |
| 082 | 0 | |a 647.940688 | |
| 100 | 1 | |a Teare, Richard. | |
| 245 | 1 | 0 | |a Consumer marketing : |b a resource based approach for the hospitality and tourism industries / |c Richard Teare, Stephen Calver |
| 260 | |a London : |b Cassell, |c 1996 | ||
| 300 | |a 60 p.; |c 30 cm. | ||
| 504 | |a Includes bibliographical references | ||
| 650 | 0 | 0 | |a Hospitality industry |x Marketing. |
| 650 | 0 | 0 | |a Marketing. |
| 650 | 0 | 0 | |a Tourism |x Marketing. |
| 700 | 1 | |a Calver, Stephen. | |
| 852 | |a INST |b CHIOS |e 20000418 |h 647.940688 TEA |p 005200018391 |q 005200018391 |t BK |y 0 | ||
| 901 | |a BIBL2-2000-2 | ||
| 909 | |a Χ |b 054363 | ||
| 922 | |a 2ΕΛΗ |b 199803 |c ΤΔΕ |d ΠΑΠΑΣΩΤΗΡΙΟΥ | ||
| 970 | |z 2000/04/ΜΙΧΑΗΛΙΔΟΥ ΑΝΝΑ | ||